000
00408nam a22001697a 4500
003
MPLRDC
005
20220104124849.0
008
210129b ||||| |||| 00| 0 eng d
082
_a
348 ASI
100
_a
I.阿西莫夫
245
_a
生命和能
_c
黄渝生译
250
_a
一版一刷
260
_a
_b
科学普及出版社
_c
1981
300
_b
平
650
_a
物理化学
942
_c
BK
_o
348 ASI
999
_c
22757
_d
22747